00472cam a22001097a 4500008004000000082003400040100002500074245012600099260005700225300001100282440006900293180718b1986 xxu||||| |||| 00| 0 eng d aA81x54 In2/81/2/Pt 13 A & B/S aCensus of India 1981 aAndhra Pradesh district census handbook, Srikakulam: village & town directory, village & townwise primary census abstract aHyderabadbDirector of Printing and Stationeryc1986 a572+p. aCensus of India 1981. Series-2, Andhra Pradesh. Parts XIII-A & B